Every Song by Grateful Dead - Statistics

General Stats
  • This quiz has been taken 49 times
    48 since last reset
  • The average score is 46 of 158
Answer Stats
Album Song % Correct
Shakedown Street(1978) Shakedown Street
91%
Terrapin Station(1977) Terrapin
85%
American Beauty(1970) Truckin'
85%
American Beauty(1970) Box of Rain
79%
From the Mars Hotel(1974) Scarlet Begonias
79%
Aoxomoxoa(1969) China Cat Sunflower
76%
American Beauty(1970) Ripple
73%
American Beauty(1970) Sugar Magnolia
73%
Shakedown Street(1978) Fire on the Mountain
70%
American Beauty(1970) Friend of the Devil
70%
Go to Heaven(1980) Althea
67%
Workingman's Dead(1970) Casey Jones
67%
Live/Dead(1969) Dark Star
67%
Workingman's Dead(1970) Uncle John's Band
67%
Skull and Roses(1971) Bertha
64%
Terrapin Station(1977) Estimated Prophet
64%
Blues for Allah(1975) Franklin's Tower
64%
Europe '72(1972) Jack Straw
64%
In the Dark(1987) Touch of Grey
64%
American Beauty(1970) Brokedown Palace
61%
Europe '72(1972) Brown-Eyed Women
58%
Workingman's Dead(1970) Cumberland Blues
58%
Wake of the Flood(1973) Eyes of the World
58%
American Beauty(1970) Candyman
55%
Workingman's Dead(1970) Dire Wolf
55%
Blues for Allah(1975) Help on the Way
55%
Europe '72(1972) Tennessee Jed
55%
Blues for Allah(1975) Blues for Allah
52%
Blues for Allah(1975) Slipknot!
52%
Aoxomoxoa(1969) St. Stephen
52%
Terrapin Station(1977) Terrapin Station
52%
Go to Heaven(1980) Alabama Getaway
48%
Workingman's Dead(1970) Black Peter
48%
Workingman's Dead(1970) New Speedway Boogie
48%
Europe '72(1972) Ramble On Rose
48%
In the Dark(1987) Hell in a Bucket
45%
Wake of the Flood(1973) Stella Blue
45%
Skull and Roses(1971) The Other One
45%
From the Mars Hotel(1974) China Doll
42%
Workingman's Dead(1970) Easy Wind
42%
American Beauty(1970) Operator
42%
The Grateful Dead(1967) The Golden Road (To Unlimited Devotion)
42%
Blues for Allah(1975) The Music Never Stopped
42%
In the Dark(1987) Throwing Stones
42%
From the Mars Hotel(1974) U.S. Blues
42%
Aoxomoxoa(1969) Cosmic Charlie
39%
The Grateful Dead(1967) Cream Puff War
39%
From the Mars Hotel(1974) Loose Lucy
39%
Skull and Roses(1971) Playing in the Band
39%
From the Mars Hotel(1974) Ship of Fools
39%
Built to Last(1989) Standing on the Moon
39%
Skull and Roses(1971) Wharf Rat
39%
Workingman's Dead(1970) High Time
36%
Europe '72(1972) Mr. Charlie
36%
Wake of the Flood(1973) Row Jimmy
36%
From the Mars Hotel(1974) Unbroken Chain
36%
Anthem of the Sun(1968) Alligator
33%
American Beauty(1970) Attics of My Life
33%
Built to Last(1989) Built to Last
33%
Anthem of the Sun(1968) Cryptical Envelopment
33%
Shakedown Street(1978) France
33%
Wake of the Flood(1973) Here Comes Sunshine
33%
Europe '72(1972) He's Gone
33%
From the Mars Hotel(1974) Pride of Cucamonga
33%
Wake of the Flood(1973) Weather Report Suite: Prelude / Part I / Part II (Let It Grow)
33%
In the Dark(1987) Black Muddy River
30%
Europe '72(1972) One More Saturday Night
30%
Terrapin Station(1977) Passenger
30%
Anthem of the Sun(1968) Quadlibet for Tenderfeet
30%
Anthem of the Sun(1968) The Faster We Go, the Rounder We Get
30%
American Beauty(1970) Till the Morning Comes
30%
Anthem of the Sun(1968) We Leave the Castle
30%
Anthem of the Sun(1968) Caution (Do Not Stop on Tracks)
27%
Blues for Allah(1975) Crazy Fingers
27%
Aoxomoxoa(1969) Dupree's Diamond Blues
27%
Built to Last(1989) Foolish Heart
27%
Terrapin Station(1977) Lady with a Fan
27%
Go to Heaven(1980) Lost Sailor
27%
Wake of the Flood(1973) Mississippi Half-Step Uptown Toodeloo
27%
Aoxomoxoa(1969) Mountains of the Moon
27%
Go to Heaven(1980) Saint of Circumstance
27%
Go to Heaven(1980) Feel Like a Stranger
24%
Shakedown Street(1978) If I Had the World to Give
24%
Shakedown Street(1978) I Need a Miracle
24%
Anthem of the Sun(1968) New Potato Caboose
24%
Aoxomoxoa(1969) Rosemary
24%
Shakedown Street(1978) Stagger Lee
24%
Terrapin Station(1977) Sunrise
24%
Built to Last(1989) Victim or the Crime
24%
In the Dark(1987) West L.A. Fadeaway
24%
Anthem of the Sun(1968) Born Cross-Eyed
21%
Aoxomoxoa(1969) Doin' That Rag
21%
Go to Heaven(1980) Don't Ease Me In
21%
Blues for Allah(1975) King Solomon's Marbles
21%
Wake of the Flood(1973) Let Me Sing Your Blues Away
21%
Workingman's Dead(Bonus)(2018) Loser
21%
Shakedown Street(1978) Serengetti
21%
Dick's Picks Volume 6(1996) They Love Each Other
21%
In the Dark(1987) Tons of Steel
21%
Aoxomoxoa(1969) What's Become of the Baby
21%
Built to Last(1989) Blow Away
18%
From the Mars Hotel(Bonus)(2024) Deal
18%
From the Mars Hotel(1974) Money Money
18%
Shakedown Street(1978) All New Minglewood Blues
15%
Terrapin Station(1977) Dancin' in the Streets
15%
Go to Heaven(1980) Far from Me
15%
Skull and Roses(1971) Mama Tried
15%
Built to Last(1989) Picasso Moon
15%
In the Dark(1987) When Push Comes to Shove
15%
Skull and Roses(1971) Big Railroad Blues
12%
Go to Heaven(1980) Easy to Love You
12%
Built to Last(1989) I Will Take You Home
12%
Europe '72(Bonus)(2003) Looks Like Rain
12%
Europe '72(1972) Prelude
12%
Blues for Allah(1975) Sage & Spirit
12%
Go to Heaven(1980) Antwerp's Placebo (The Plumber)
9%
Terrapin Station(1977) At a Siding
9%
Dick's Picks Volume 6(1996) Big River
9%
Workingman's Dead(Bonus)(2018) Bird Song
9%
Europe '72(1972) Epilog
9%
Shakedown Street(1978) From the Heart of Me
9%
From the Mars Hotel(Bonus)(2024) It Must Have Been the Roses
9%
Built to Last(1989) Just a Little Light
9%
Workingman's Dead(Bonus)(2001) Mason's Children
9%
Dick's Picks Volume 6(1996) Keep Your Day Job
6%
Terrapin Station(1977) Refrain
6%
Blues for Allah(1975) Sand Castles & Glass Camels
6%
Terrapin Station(1977) Terrapin Flyer
6%
Terrapin Station(1977) Terrapin Transit
6%
Europe '72(Bonus)(2003) The Stranger (Two Souls in Communion)
6%
Blues for Allah(1975) Unusual Occurrences in the Desert
6%
Built to Last(1989) We Can Run
6%
The Grateful Dead(Bonus)(2017) Cardboard Cowboy
3%
Dick's Picks Volume 6(1996) Greatest Story Ever Told
3%
Go to Heaven(Bonus)(2004) What'll You Raise
3%
Anthem of the Sun(Bonus)(2001) Feedback
3%
Workingman's Dead(Bonus)(2018) Greatest Story Ever Told
3%
Skull and Roses(Bonus)(2002) I'm a Hog for You
3%
Blues for Allah(1975) Stronger than Dirt or Milkin' the Turkey
3%
The Grateful Dead(Bonus)(2001) Tastebud
3%
Europe '72(Bonus)(2003) The Yellow Dog Story
3%
From the Mars Hotel(Bonus)(2004) Wave That Flag
3%
The Grateful Dead(Bonus)(2001) Alice D. Millionaire
0%
Beyond Description (1973–1989)(2004) A to E Flat Jam
0%
Dick's Picks Volume 6(1996) C.C. Rider
0%
Aoxomoxoa(Bonus)(2001) Clementine Jam
0%
Beyond Description (1973–1989)(2004) Distorto
0%
Terrapin Station(Bonus)(2006) Equinox
0%
Beyond Description (1973–1989)(2004) Groove #1
0%
Beyond Description (1973–1989)(2004) Groove #2
0%
Beyond Description (1973–1989)(2004) Hollywood Cantata
0%
Aoxomoxoa(Bonus)(2001) Nobody's Spoonful Jam
0%
Shakedown Street(Bonus)(2004) Ollin Arageed
0%
Beyond Description (1973–1989)(2004) Proto 18 Proper
0%
The Grateful Dead(Bonus)(2017) Standing on the Corner
0%
Terrapin Station(Bonus)(2006) The Ascent
0%
Aoxomoxoa(Bonus)(2001) The Eleven Jam
0%
The Grateful Dead(Bonus)(2017) You Don’t Have to Ask
0%
No matching quizzes found
Score Distribution
Percent of People with Each Score
Percentile by Number Answered
Your Score History
You have not taken this quiz since the last reset